| 000 | 00597nam a2200169 4500 | ||
|---|---|---|---|
| 008 | 240611b |||||||| |||| 00| 0 eng d | ||
| 020 | _a9559122606 | ||
| 082 |
_a362.582 _bGUN |
||
| 100 | _aGunatilake, Ramani | ||
| 245 |
_aCredit-based, participatory poverty alleviation strategies in Sri Lanka: _bwhat have we earned? |
||
| 260 |
_aColombo: _bInstitute of Policy Studies, _c1997 |
||
| 300 |
_av. 80 p.; 30 cm, tables _bBibliography included |
||
| 440 |
_aPoverty and income distribution series _vno. 2 |
||
| 650 | _aPOVERTY REDUCTION-Sri Lanka | ||
| 650 | _aSocial services-Finance | ||
| 942 | _cRP | ||
| 999 |
_c4922 _d4922 |
||